Complete guide to the TOEFL test

Spremljeno u:
Bibliografski detalji
Glavni autor: Rogers, Bruce
Format: Knjiga
Jezik:Undetermined
Izdano: United States Heinle & Heinle 2001
Teme:
Oznake: Dodaj oznaku
Bez oznaka, Budi prvi tko označuje ovaj zapis!
Thư viện lưu trữ: Trung tâm Học liệu Trường Đại học Cần Thơ
LEADER 00666nam a2200217Ia 4500
001 CTU_199343
008 210402s9999 xx 000 0 und d
020 |c 700000 
082 |a 428.0076 
082 |b R724 
100 |a Rogers, Bruce 
245 0 |a Complete guide to the TOEFL test 
245 0 |c Bruce Rogers 
260 |a United States 
260 |b Heinle & Heinle 
260 |c 2001 
650 |a English language,Test of English as a foreign language 
650 |x Eexaminations 
904 |i Tuyến 
910 |a Sách kèm CD số: AV.002198; AV.002197; AV.002199; AV.002200; AV.002014 
980 |a Trung tâm Học liệu Trường Đại học Cần Thơ